| 000 | 00881ntm a22002417a 4500 | ||
|---|---|---|---|
| 005 | 20170809150756.0 | ||
| 008 | 170802s2013 xx a frb 000 0 eng d | ||
| 040 |
_aEG-ScBUE _beng _cEG-ScBUE |
||
| 082 | 0 | 4 |
_a621 _bDES _222 |
| 245 | 0 | 0 |
_aDesign of a formula student racing car / _cAhmed Atif Epead ...[et al]. |
| 260 | _c2013. | ||
| 300 |
_axiv. 182 p. : _bill. (col.) ; _c28 cm. |
||
| 500 | _aA group design project submitted to the faculty of engineering, The British University in egypt, in partial fulfillment of the requirements for the bachelor degree in mechanical engineering. | ||
| 590 | _amai allam | ||
| 650 | 7 |
_2BUEsh _aMechanical engineering. _vProjects |
|
| 653 |
_bENGMEC _cAugust2017 |
||
| 655 | _vSPRO | ||
| 700 | 1 |
_aEl-Shazly, Mostafa. _eths |
|
| 700 | 1 |
_aEl-Tayeb, Nabil _eths |
|
| 700 | 1 |
_aHatem, Tarek _eths |
|
| 700 | 1 | _aEpead, Ahmed Atif. | |
| 942 | _2ddc | ||
| 999 |
_c25284 _d25256 |
||